| 000 | 00519cam a2200217 4500 | ||
|---|---|---|---|
| 008 | 090401t1971 xxu||||| |||| 00| 0 eng d | ||
| 020 | _a0117214922 | ||
| 035 | _a(Sirsi) u20983 | ||
| 041 | _aeng | ||
| 050 | _a690 | ||
| 110 |
_aBuilding Research Station _9203 |
||
| 245 | _aWilful damage on housing estates. | ||
| 260 |
_aLondon _bHMSO _c1971 |
||
| 300 | _a4p. ; 30cm. | ||
| 350 | _a0 | ||
| 490 |
_aBRE Digest _v132 |
||
| 650 | _aHOUSING ESTATES | ||
| 650 | _aVANDALISM | ||
| 942 | _n0 | ||
| 948 | _c04/03/1997 | ||
| 999 |
_c87906 _d87906 |
||